Letterhead and logo design 10 / (Record no. 21569)
[ view plain ]
| 000 -LEADER | |
|---|---|
| fixed length control field | 01149cam a22003254a 4500 |
| 001 - CONTROL NUMBER | |
| control field | 16311675 |
| 005 - DATE AND TIME OF LATEST TRANSACTION | |
| control field | 20170121152929.0 |
| 008 - FIXED-LENGTH DATA ELEMENTS--GENERAL INFORMATION | |
| fixed length control field | 100701s2007 maua 001 0 eng |
| 010 ## - LIBRARY OF CONGRESS CONTROL NUMBER | |
| LC control number | 2010280691 |
| 015 ## - NATIONAL BIBLIOGRAPHY NUMBER | |
| National bibliography number | GBA764360 |
| Source | bnb |
| 016 7# - NATIONAL BIBLIOGRAPHIC AGENCY CONTROL NUMBER | |
| Record control number | 013818380 |
| Source | Uk |
| 020 ## - INTERNATIONAL STANDARD BOOK NUMBER | |
| International Standard Book Number | 9781592533756 (hbk.) |
| 020 ## - INTERNATIONAL STANDARD BOOK NUMBER | |
| International Standard Book Number | 1592533752 (hbk.) |
| 035 ## - SYSTEM CONTROL NUMBER | |
| System control number | (OCoLC)ocn165410568 |
| 050 00 - LIBRARY OF CONGRESS CALL NUMBER | |
| Classification number | NC1002 .L47L475 2007 |
| 245 00 - TITLE STATEMENT | |
| Title | Letterhead and logo design 10 / |
| Statement of responsibility, etc. | [design by] Sussner Design Co. |
| 246 3# - VARYING FORM OF TITLE | |
| Title proper/short title | Letterhead and logo design ten |
| 260 ## - PUBLICATION, DISTRIBUTION, ETC. (IMPRINT) | |
| Place of publication, distribution, etc. | Beverly, Mass. : |
| Name of publisher, distributor, etc. | Rockport, |
| Date of publication, distribution, etc. | c2007. |
| 300 ## - PHYSICAL DESCRIPTION | |
| Extent | 235 p. : |
| Other physical details | ill. (chiefly col.) ; |
| Dimensions | 29 cm. |
| 500 ## - GENERAL NOTE | |
| General note | Includes index. |
| 650 #0 - SUBJECT ADDED ENTRY--TOPICAL TERM | |
| Topical term or geographic name as entry element | Letterheads |
| General subdivision | Design. |
| 650 #0 - SUBJECT ADDED ENTRY--TOPICAL TERM | |
| Topical term or geographic name as entry element | Logos (Symbols) |
| General subdivision | Design. |
| 710 2# - ADDED ENTRY--CORPORATE NAME | |
| Corporate name or jurisdiction name as entry element | Sussner Design Company. |
| 942 ## - ADDED ENTRY ELEMENTS (KOHA) | |
| Source of classification or shelving scheme | |
| Koha item type | Hard Covered Materials |
| Classification part | NC1002 .L47L475 2007 |
| Withdrawn status | Lost status | Source of classification or shelving scheme | Damaged status | Not for loan | Home library | Current library | Shelving location | Date acquired | Source of acquisition | Total Checkouts | Full call number | Barcode | Date last seen | Price effective from | Koha item type |
|---|---|---|---|---|---|---|---|---|---|---|---|---|---|---|---|
| MACHAKOS UNIVERSITY LIBRARY | MACHAKOS UNIVERSITY LIBRARY | Technical section | 21/01/2017 | Donation(BFA) | NC1002 .L47L475 2007 | 31496 | 10/07/2018 | 21/01/2017 | Hard Covered Materials |